Five Most Christian Countries by Continent - Statistics

General Stats
  • This quiz has been taken 827 times
  • The average score is 16 of 30
Answer Stats
Percentage Country % Correct
100% Vatican City
91%
90% Brazil
82%
91.6% Malta or San Marino
74%
92% Mexico
74%
92% Colombia
73%
94.3% Poland
67%
94% Ecuador
66%
89% Bolivia
65%
96% Paraguay
65%
64.4% Fiji
60%
85% Philippines
60%
96.0% Haiti
59%
92% Democratic Republic of the Congo
53%
95.2% Dominican Republic
53%
92% Panama
53%
81% Tonga
53%
77.9% Palau
48%
93.6% Armenia
47%
97% Papua New Guinea
46%
90.7% Republic of the Congo
46%
98.0% Romania
46%
88.6% Georgia
45%
95.4% F. S. of Micronesia
42%
99.1% East Timor
39%
79% Cyprus
33%
97.3% Grenada
32%
93.6% Rwanda
31%
95.3% Moldova
30%
95.5% Zambia
28%
94.7% Seychelles
23%
No matching quizzes found
Score Distribution
Percent of People with Each Score
Percentile by Number Answered
Your Score History
You have not taken this quiz